00618nam a22001697a 4500999001700000008004100017020001800058020001500076050002200091100002700113245005300140260004100193300003100234650003100265942003200296952012000328 c17614d17614161128b xxu||||| |||| 00| 0 eng d a9781121065895 a1121065899 aTA170 b.M43 2014 aMechanical engineering aMechanical Engineering/cMechanical Engineering. aUSA :bMcGraw Hill Education,cc2014 aiv, 156p. :bill. ;c28cm. aEnvironmental engineering. 2lcccBOOKShTA170 .M43 2014 00102lcc4070aMUCbMUCcGENd2016-11-28eDonation(BFA)l0oTA170 .M43 2014p27745r2019-02-11w2016-11-28yBOOKS